|
|
|
|
| LEADER |
00000nam0a2200000 4500 |
| 001 |
99634 |
| 005 |
20231031111812.0 |
| 010 |
|
|
|a 5769517263
|
| 035 |
|
|
|a (RuTPU)RU\TPU\book\106977
|
| 090 |
|
|
|a 99634
|
| 100 |
|
|
|a 20060710d2004 m y0rusy50 ca
|
| 101 |
0 |
|
|a rus
|
| 102 |
|
|
|a RU
|
| 105 |
|
|
|a y j 001zy
|
| 200 |
1 |
|
|a Охрана психического здоровья
|e учебное пособие для вузов
|f О. В. Бойко
|
| 210 |
|
|
|a Москва
|c Академия
|d 2004
|
| 215 |
|
|
|a 268 с.
|
| 225 |
1 |
|
|a Высшее профессиональное образование. Социальная работа
|
| 320 |
|
|
|a Библиография в конце глав.
|
| 330 |
|
|
|a В учебном пособии рассматривается комплексная теоретико-практическая деятельность в области охраны психического здоровья. В нем утверждается современное понимание психического здоровья, основанное на методологических подходах различных наук — психиатрии, психологии, социологии и социальной работы. Особое внимание в пособии уделяется сохранению, укреплению и восстановлению психического здоровья, ресурсам индивида и полисоциальной системы в деятельности по сохранению, укреплению и восстановлению психического здоровья. Для студентов высших учебных заведений.
|
| 610 |
1 |
|
|a психология
|
| 610 |
1 |
|
|a медицина
|
| 610 |
1 |
|
|a психика
|
| 610 |
1 |
|
|a психическое здоровье
|
| 610 |
1 |
|
|a охрана
|
| 610 |
1 |
|
|a психические заболевания
|
| 610 |
1 |
|
|a диагностика
|
| 610 |
1 |
|
|a оценка
|
| 610 |
1 |
|
|a социальная работа
|
| 610 |
1 |
|
|a социальная реабилитация
|
| 610 |
1 |
|
|a социальная помощь
|
| 610 |
1 |
|
|a социальная профилактика
|
| 610 |
1 |
|
|a психотерапия
|
| 610 |
1 |
|
|a учебные пособия
|
| 675 |
|
|
|a 615.8(075.8)
|v 3
|
| 686 |
|
|
|a Ю948я73
|v LBC/SL-A
|2 rubbk
|
| 700 |
|
1 |
|a Бойко
|b О. В.
|g Ольга Викторовна
|
| 801 |
|
1 |
|a RU
|b 63413507
|c 20060710
|g PSBO
|
| 801 |
|
2 |
|a RU
|b 63413507
|c 20120403
|g PSBO
|
| 900 |
|
|
|a Социальная работа
|
| 900 |
|
|
|a Социальная психология
|
| 900 |
|
|
|a Психодиагностика
|
| 900 |
|
|
|a Психология личности
|
| 942 |
|
|
|c BK
|
| 951 |
|
|
|b 040101
|
| 959 |
|
|
|a 66/20060710
|d 1
|e 0
|f ЧЗГЛ:1
|